header

Getting started in health research (Record no. 140298)

MARC details
000 -LEADER
fixed length control field 01493nam a2200349 a 4500
082 04 - DEWEY DECIMAL CLASSIFICATION NUMBER
Classification number 610.72
100 1# - MAIN ENTRY--AUTHOR NAME
Personal name Bowers, David,
245 10 - TITLE STATEMENT
Title Getting started in health research
260 ## - PUBLICATION, DISTRIBUTION, ETC. (IMPRINT)
Place of publication Chichester, West Sussex, U.K. ;
-- Hoboken, N.J. :
Name of publisher Wiley-Blackwell/BMJ Books,
Year of publication 2011.
300 ## - PHYSICAL DESCRIPTION
Number of Pages viii, 180 p. :
Other physical details ill.
505 0# - FORMATTED CONTENTS NOTE
Formatted contents note pt. 1. Limbering up -- pt. 2. On your marks -- pt. 3. Get set -- pt. 4. Wait for it -- pt. 5. Go! -- pt. 6. Staying the course -- pt. 7. The finishing line.
650 #0 - SUBJECT ADDED ENTRY--TOPICAL TERM
Topical Term Medicine
Topical Term Biology
700 1# - ADDED ENTRY--PERSONAL NAME
Personal name House, Allan.
Personal name Owens, David,
856 40 - ELECTRONIC LOCATION AND ACCESS
Uniform Resource Identifier http://site.ebrary.com/lib/rucke/Doc?id=10518682

No items available.

© 2026 Rongo University
Contact us: librarian | system librarian | Rongo university